000 00643nam a22002177a 4500
003 UA-OsUOA
001 101663
007 ta
008 20130704b un ||||| |||| 00| 0 ukr d
100 _aУдовенко О.Ю.
090 _a32
_bУ31
942 _cSA
040 _aUA-OsUOA
_bukr
_cUA-OsUOA
_dUA-OsUOA
245 _aНеоконсерватизм як актуальна проблема на прикладі Великої Британії за часів урядів Маргарет Тетчер
300 _aС.62-65
955 _a0
041 _aukr
080 _a32
773 0 _w101658
650 7 _a32 Політика
_2UDC
999 _c387875
_d387875